Reformas a la Ley de la Carrera Docente para una correcta y justa aplicación de la misma. (Registro nro. 10198)

Detalles MARC
000 -LEADER
fixed length control field 00622nam a2200181Ia 4500
005 - FECHA Y HORA DE LA ÚLTIMA TRANSACCIÓN
control field 20231218101157.0
008 - FIXED-LENGTH DATA ELEMENTS--GENERAL INFORMATION
fixed length control field 231216s9999 xx 000 0 und d
040 ## - CATALOGING SOURCE
Original cataloging agency UPAN
Transcribing agency Biblioteca San Vicente
Description conventions RCAA2
041 ## - LANGUAGE CODE
Language code of text/sound track or separate title spa
082 ## - DEWEY DECIMAL CLASSIFICATION NUMBER
Classification number 340
Item number Bon
año de publicación 2002
100 ## - MAIN ENTRY--PERSONAL NAME
Personal name Bonilla Castro, María Esperanza
Relator code aut.
245 #0 - TITLE STATEMENT
Title Reformas a la Ley de la Carrera Docente para una correcta y justa aplicación de la misma.
260 ## - PUBLICATION, DISTRIBUTION, ETC. (IMPRINT)
Place of publication, distribution, etc San Salvador:
Name of publisher, distributor, etc Universidad Panamericana,
Date of publication, distribution, etc 2002
300 ## - PHYSICAL DESCRIPTION
Extent 120 p.;
Dimensions 28 cm.
650 ## - SUBJECT ADDED ENTRY--TOPICAL TERM
Source of heading or term LEMB
Topical term or geographic name as entry element Docencia
General subdivision Legislación
700 ## - ADDED ENTRY--PERSONAL NAME
Personal name Pineda Diaz, William Salomòn
Relator code aut.
942 ## - ADDED ENTRY ELEMENTS (KOHA)
Koha item type Libros
Source of classification or shelving scheme Dewey Decimal Classification
Existencias
Withdrawn status Lost status Source of classification or shelving scheme Damaged status Not for loan Collection code Home library Current library Date acquired Total Checkouts Full call number Barcode Date last seen Copy number Price effective from Koha item type
    Dewey Decimal Classification     Tesario Biblioteca UPAN San Vicente Biblioteca UPAN San Vicente 17/12/2023   340 Bon 12100053 17/12/2023 01 17/12/2023 Trabajos de Grado